Antropología de la escritura: representaciones de la diversidad y la inclusión

Salvato in:
Dettagli Bibliografici
Ente Autore: UNESCO
Natura: Libro
Lingua:spagnolo
Pubblicazione: Antofagasta Universidad de Antofagasta 2017
Soggetti:
Tags: Aggiungi Tag
Nessun Tag, puoi essere il primo ad aggiungerne!!

MARC

LEADER 00000cam a2200000 a 4500
001 UCD9995
003 CL-VaPUC
005 20201029002435.0
008 170713e20170000cl |||||||||||||||||spa|d
999 |c 368995  |d 368993 
020 |a 9789568293529 
040 |c Pontificia Universidad Católica de Valparaíso 
082 0 4 |a 410 UNE 2017  |2 21 
110 2 |a UNESCO  |9 593949 
245 1 0 |a Antropología de la escritura: representaciones de la diversidad y la inclusión 
260 |a Antofagasta  |b Universidad de Antofagasta  |c 2017 
300 |a 99 hojas 
583 |a last modification  |c 20170821 04:00:48  |k Rodrigo Vera 
650 0 |a Lingüística  |9 265068 
650 0 |a Oralidad  |9 532983 
650 0 |a Escritura  |9 264941 
942 |c BK  |2 ddc 
945 |d 20170713 16:08:00  |a dcastane 
952 |0 0  |1 0  |2 ddc  |3 erb  |4 0  |6 410_000000000000000_UNE_2017  |7 0  |8 A  |9 484508  |a BIBEDU  |b BIBEDU  |i 5408180  |o 410 UNE 2017  |p 5408180  |r 2019-11-24  |t 3  |w 2019-11-24  |y BK  |z Catalogado en:20170713  |k LIT 
952 |0 0  |1 0  |2 ddc  |3 erb  |4 0  |6 410_000000000000000_UNE_2017  |7 0  |8 A  |9 484509  |a BIBCUR  |b BIBCUR  |i 5418143  |o 410 UNE 2017  |p 5418143  |r 2025-04-22  |t 1  |w 2019-11-24  |y BK  |z Catalogado en:20170825  |k BIO 
952 |0 0  |1 0  |2 ddc  |3 erb  |4 0  |6 410_000000000000000_UNE_2017  |7 0  |8 A  |9 484510  |a BIBCUR  |b BIBCUR  |i 5418151  |o 410 UNE 2017  |p 5418151  |r 2025-04-22  |t 2  |w 2019-11-24  |y BK  |z Catalogado en:20170825  |k BIO